Ideology of Pakistan (Record no. 553632)

000 -LEADER
fixed length control field 00555nam a2200181Ia 4500
020 ## - INTERNATIONAL STANDARD BOOK NUMBER
International Standard Book Number (hb)
082 ## - DEWEY DECIMAL CLASSIFICATION NUMBER
Classification number 320.5095491
Author Mark SHA
100 ## - MAIN ENTRY--PERSONAL NAME
Personal name Sharif Al Mujahid
9 (RLIN) 50894
245 ## - TITLE STATEMENT
Title Ideology of Pakistan
260 ## - PUBLICATION, DISTRIBUTION, ETC.
Place of publication, distribution, etc. Lahore:
Name of publisher, distributor, etc. Progressive publishers,
Date of publication, distribution, etc. 1974
300 ## - PHYSICAL DESCRIPTION
Extent 28p.
526 ## - STUDY PROGRAM INFORMATION NOTE
Program name 0
Interest level 0
Reading level 0
Title point value 320_509549100000000_SHA
526 ## - STUDY PROGRAM INFORMATION NOTE
Program name 0
Interest level 0
Reading level 0
Title point value 320_509549100000000_SHA
526 ## - STUDY PROGRAM INFORMATION NOTE
Program name 0
Interest level 0
Reading level 0
Title point value 320_509549100000000_SHA
526 ## - STUDY PROGRAM INFORMATION NOTE
Program name 0
Interest level 0
Reading level 0
Title point value 320_509549100000000_SHA
650 ## - SUBJECT ADDED ENTRY--TOPICAL TERM
Topical term or geographic name entry element Pakistan -- Politics and Government -- 1947 --
9 (RLIN) 37682
942 ## - ADDED ENTRY ELEMENTS (KOHA)
Source of classification or shelving scheme
Koha item type Book
Holdings
Withdrawn status Lost status Source of classification or shelving scheme Damaged status Not for loan Permanent Location Current Location Date acquired Total Checkouts Full call number Barcode Date last seen Price effective from Koha item type
          Military College of Engineering (MCE) Military College of Engineering (MCE) 02/04/2016   320.5095491 SHA MCE-50231 02/04/2016 02/04/2016 Book
          Military College of Engineering (MCE) Military College of Engineering (MCE) 02/04/2016   320.5095491 SHA MCE-50232 02/04/2016 02/04/2016 Book
          Military College of Engineering (MCE) Military College of Engineering (MCE) 02/04/2016   320.5095491 SHA MCE-50233 02/04/2016 02/04/2016 Book
          Military College of Engineering (MCE) Military College of Engineering (MCE) 02/11/2016   320.5095491 SHA MCE-50255 02/11/2016 02/11/2016 Book
© 2023 Central Library, National University of Sciences and Technology. All Rights Reserved.